[Event "Lazarevskoe op"]
[Site "Lazarevskoe"]
[Date "2014.06.19"]
[Round "?"]
[White "Kvanin, Georgy"]
[Black "Boitsov, Gennadij"]
[Result "1/2-1/2"]
[WhiteElo "1961"]
[BlackElo "2148"]
[PlyCount "77"]
[EventDate "2014.06.14"]
[EventType "swiss"]
[EventRounds "9"]
[EventCountry "RUS"]
[SourceTitle "EXT 2015"]
[Source "ChessBase"]
[SourceDate "2014.11.20"]
[SourceVersion "1"]
[SourceVersionDate "2014.11.20"]
[SourceQuality "1"]

1. e4 c5 2. Nf3 d6 3. d4 cxd4 4. Nxd4 Nf6 5. Nc3 e6 6. Be3 a6 7. a4 Be7 8. h3 b6 9. Bd3 Bb7 10. f4 Nbd7 11. f5 e5 12. Nf3 d5 13. exd5 Nxd5 14. Nxd5 Bxd5 15. Bb5 Bxf3 16. Bxd7+ Qxd7 17. Qxf3 0-0 18. Bxb6 Rab8 19. a5 Qb5 20. b3 e4 21. Qg4 Bb4+ 22. Kf2 Rxb6 23. axb6 e3+ 24. Kg1 e2 25. Kh2 Qe5+ 26. Qg3 Qxf5 27. b7 Qb5 28. Qc7 f6 29. c3 Bc5 30. Ra5 Bb6 31. b8Q Bxa5 32. Qxf8+ Kxf8 33. Qc8+ Kf7 34. Re1 Qe5+ 35. Kh1 Bc7 36. Kg1 Qe3+ 37. Kh1 Qg3 38. Qd7+ Kf8 39. Qc8+ 1/2-1/2

[Event "Lazarevskoe op"]
[Site "Lazarevskoe"]
[Date "2014.06.18"]
[Round "?"]
[White "Boitsov, Gennadij"]
[Black "Skripnikov, Velori"]
[Result "1-0"]
[WhiteElo "2148"]
[BlackElo "1773"]
[PlyCount "61"]
[EventDate "2014.06.14"]
[EventType "swiss"]
[EventRounds "9"]
[EventCountry "RUS"]
[SourceTitle "EXT 2015"]
[Source "ChessBase"]
[SourceDate "2014.11.20"]
[SourceVersion "1"]
[SourceVersionDate "2014.11.20"]
[SourceQuality "1"]

1. d4 Nf6 2. Nf3 g6 3. b3 Bg7 4. Bb2 d5 5. e3 Nbd7 6. Nbd2 0-0 7. Be2 c5 8. 0-0 Qc7 9. Rc1 Ne4 10. c4 Nxd2 11. Qxd2 dxc4 12. Rxc4 b5 13. Rcc1 Qb6 14. dxc5 Qb8 15. Bxg7 Kxg7 16. Nd4 a6 17. Bf3 Ne5 18. Bxa8 Qxa8 19. c6 Rd8 20. Qc3 f6 21. Rfd1 Nf7 22. Qc5 e5 23. Ne2 Rxd1+ 24. Rxd1 Be6 25. Nc3 Qc8 26. Ne4 Qc7 27. Nd6 Nxd6 28. Qxd6 Qxd6 29. Rxd6 Kf7 30. c7 Ke7 31. Rd8 1-0

[Event "Kaluga Tsiolkovsky Memorial op"]
[Site "Kaluga"]
[Date "2012.08.07"]
[Round "8"]
[White "Boitsov, Gennadij"]
[Black "Dobrynina, Aleksandra"]
[Result "1/2-1/2"]
[WhiteElo "2211"]
[BlackElo "2023"]
[PlyCount "92"]
[EventDate "2012.07.30"]
[EventType "swiss"]
[EventRounds "9"]
[EventCountry "RUS"]
[SourceTitle "EXT 2014"]
[Source "ChessBase"]
[SourceDate "2013.11.20"]
[SourceVersion "1"]
[SourceVersionDate "2013.11.20"]
[SourceQuality "1"]

1. e4 e6 2. d4 d5 3. Nd2 Nf6 4. e5 Nfd7 5. Bd3 c5 6. c3 Nc6 7. Ne2 cxd4 8. cxd4 f6 9. Nf4 Nxd4 10. Qh5+ Ke7 11. Ng6+ hxg6 12. exf6+ Nxf6 13. Qxh8 Kf7 14. Qh4 e5 15. Nf3 e4 16. Nxd4 Bb4+ 17. Kf1 exd3 18. Bg5 Qb6 19. Bxf6 Qxf6 20. Qxf6+ gxf6 21. Rd1 b6 22. a3 Bc5 23. Nb3 Ba6 24. g3 Re8 25. Kg2 Re2 26. Rd2 Bc4 27. Rxe2 dxe2 28. Nxc5 bxc5 29. Kf3 d4 30. Rc1 g5 31. b4 cxb4 32. axb4 f5 33. h4 f4 34. gxf4 gxh4 35. Ke4 d3 36. Ke3 h3 37. f3 Kf6 38. Rh1 Kf5 39. Kd2 Kxf4 40. Rxh3 Bb5 41. Rh7 a6 42. Rf7+ Ke5 43. Rf8 Ke6 44. Ke1 Ke7 45. Rf5 Ke6 46. Rh5 Kf6 1/2-1/2

[Event "Kaluga Tsiolkovsky Memorial op"]
[Site "Kaluga"]
[Date "2012.08.05"]
[Round "7"]
[White "Petrov, Alexander V"]
[Black "Boitsov, Gennadij"]
[Result "1-0"]
[WhiteElo "2157"]
[BlackElo "2211"]
[PlyCount "61"]
[EventDate "2012.07.30"]
[EventType "swiss"]
[EventRounds "9"]
[EventCountry "RUS"]
[SourceTitle "EXT 2014"]
[Source "ChessBase"]
[SourceDate "2013.11.20"]
[SourceVersion "1"]
[SourceVersionDate "2013.11.20"]
[SourceQuality "1"]

1. e4 c6 2. d4 d5 3. e5 Bf5 4. Nc3 e6 5. g4 Bg6 6. Nge2 f6 7. h4 fxe5 8. h5 Bf7 9. dxe5 Nd7 10. f4 Bc5 11. Nd4 Qb6 12. Nce2 a6 13. c3 Bxd4 14. Nxd4 c5 15. Nf3 Ne7 16. Qc2 0-0-0 17. Be3 Kb8 18. 0-0-0 Qa5 19. Kb1 h6 20. Bd3 Ka8 21. f5 d4 22. Bd2 exf5 23. c4 Qc7 24. gxf5 Nxe5 25. Bf4 N7c6 26. Nxe5 Nxe5 27. Qh2 Rhe8 28. Rde1 b5 29. Bxe5 Qa5 30. Be4+ Ka7 31. Bc7 1-0

[Event "Vadsosjakken op"]
[Site "Vadso"]
[Date "2008.08.30"]
[Round "3"]
[White "Boitsov, Gennadij"]
[Black "Brasoy, Aksel"]
[Result "1-0"]
[WhiteElo "2200"]
[BlackElo "1927"]
[PlyCount "99"]
[EventDate "2008.08.??"]
[EventType "swiss"]
[EventRounds "5"]
[EventCountry "NOR"]
[SourceTitle "EXT 2010"]
[Source "ChessBase"]
[SourceDate "2010.11.25"]
[SourceVersion "1"]
[SourceVersionDate "2010.11.25"]
[SourceQuality "1"]

1. c4 e5 2. Nc3 Nf6 3. Nf3 Nc6 4. e4 Bc5 5. Be2 d6 6. 0-0 0-0 7. d3 h6 8. a3 a6 9. b4 Ba7 10. Rb1 Nd4 11. Nxd4 Bxd4 12. Bd2 c6 13. Bf3 Nh7 14. Ne2 Ba7 15. Ng3 Ng5 16. Bg4 Ne6 17. Kh1 Nf4 18. Bxc8 Rxc8 19. Be3 Bxe3 20. fxe3 Ng6 21. Nf5 d5 22. exd5 cxd5 23. c5 Ne7 24. Nd6 Rc7 25. Qh5 f6 26. d4 e4 27. Rf2 Kh7 28. Rbf1 g6 29. Qh4 f5 30. g4 Qd7 31. Qh3 Qa4 32. gxf5 Nxf5 33. Nxf5 gxf5 34. Rxf5 Qd7 35. Qh5 Rxf5 36. Qxf5+ Qxf5 37. Rxf5 Rd7 38. Rf6 Kg7 39. Rb6 h5 40. a4 Rf7 41. b5 axb5 42. axb5 Kf8 43. Kg2 Ke8 44. Rh6 Rf3 45. Rh7 Rxe3 46. Rxb7 Rd3 47. b6 Rxd4 48. Ra7 Rb4 49. b7 Kd8 50. c6 1-0

[Event "Hammerfest op"]
[Site "Hammerfest"]
[Date "2002.09.22"]
[Round "6"]
[White "Boitsov, Gennadij"]
[Black "Esbensen, Andreas"]
[Result "0-1"]
[WhiteElo "2200"]
[BlackElo "1934"]
[PlyCount "118"]
[EventDate "2002.09.??"]
[EventType "swiss"]
[EventRounds "7"]
[EventCountry "NOR"]
[SourceTitle "EXT 2005"]
[Source "ChessBase"]
[SourceDate "2004.11.15"]
[SourceVersion "1"]
[SourceVersionDate "2004.11.15"]
[SourceQuality "1"]

1. c4 e6 2. Nf3 d5 3. e3 f5 4. b3 Nf6 5. Bb2 Bd6 6. Be2 0-0 7. Na3 c6 8. Nc2 Qe8 9. Ne5 Nbd7 10. d4 Qe7 11. 0-0 a6 12. Rc1 Rb8 13. Ba1 Rd8 14. Qe1 c5 15. Bf3 Bxe5 16. dxe5 Ne4 17. Rd1 Ng5 18. Be2 b5 19. cxd5 exd5 20. f4 Ne4 21. Rxd5 Bb7 22. Rd1 Nf8 23. Qa5 Ne6 24. Bf3 g5 25. g3 g4 26. Bg2 h5 27. a3 Kf7 28. Qe1 h4 29. Rxd8 Rxd8 30. gxh4 Rh8 31. b4 Rxh4 32. bxc5 Kg6 33. c6 Bxc6 34. Nd4 Nxd4 35. Bxd4 Rxh2 36. Kxh2 Qh7+ 37. Kg1 g3 38. Rf3 Qh2+ 39. Kf1 Bd5 40. Rxg3+ Nxg3+ 41. Qxg3+ Qxg3 42. Bxd5 Qh3+ 43. Ke1 Qh4+ 44. Ke2 Qe7 45. Bb2 Qc5 46. Bb3 a5 47. Kd2 a4 48. Bc2 b4 49. Bd4 Qc4 50. axb4 Qxb4+ 51. Bc3 Qc4 52. Bd3 Qc6 53. Bb2 Qb7 54. Bc1 Qb4+ 55. Ke2 a3 56. Bxa3 Qxa3 57. e4 fxe4 58. Bxe4+ Kh5 59. Bd3 Kg4 0-1

[Event "Hammerfest op"]
[Site "Hammerfest"]
[Date "2002.09.20"]
[Round "2"]
[White "Boitsov, Gennadij"]
[Black "Paulsen, Viktor"]
[Result "1-0"]
[WhiteElo "2200"]
[BlackElo "1766"]
[PlyCount "58"]
[EventDate "2002.09.??"]
[EventType "swiss"]
[EventRounds "7"]
[EventCountry "NOR"]
[SourceTitle "EXT 2005"]
[Source "ChessBase"]
[SourceDate "2004.11.15"]
[SourceVersion "1"]
[SourceVersionDate "2004.11.15"]
[SourceQuality "1"]

1. d4 d5 2. Nf3 Nf6 3. Bf4 Nbd7 4. e3 e6 5. Nbd2 c5 6. c3 Be7 7. Bd3 h6 8. h3 cxd4 9. exd4 0-0 10. 0-0 Ne8 11. Re1 Bd6 12. Ne5 Nxe5 13. dxe5 Bc5 14. Nb3 Bb6 15. Bc2 f5 16. exf6 Qxf6 17. Be3 Bxe3 18. fxe3 Nd6 19. Qe2 Bd7 20. a4 Bc6 21. Nd4 e5 22. Rf1 Qe7 23. Nxc6 bxc6 24. b4 Qg5 25. e4 Rf4 26. Rxf4 Qxf4 27. Rf1 Qg5 28. exd5 cxd5 29. Bb3 e4 1-0

[Event "Hammerfest op"]
[Site "Hammerfest"]
[Date "2002.09.20"]
[Round "3"]
[White "Feoktistov, Alexey A"]
[Black "Boitsov, Gennadij"]
[Result "1-0"]
[WhiteElo "2409"]
[BlackElo "2200"]
[PlyCount "48"]
[EventDate "2002.09.??"]
[EventType "swiss"]
[EventRounds "7"]
[EventCountry "NOR"]
[SourceTitle "EXT 2005"]
[Source "ChessBase"]
[SourceDate "2004.11.15"]
[SourceVersion "1"]
[SourceVersionDate "2004.11.15"]
[SourceQuality "1"]

1. e4 e5 2. Nf3 Nf6 3. Nxe5 d6 4. Nf3 Nxe4 5. d4 Be7 6. c4 0-0 7. Bd3 d5 8. 0-0 Nc6 9. cxd5 Qxd5 10. Re1 Nf6 11. Nc3 Qd8 12. h3 Nb4 13. Bb1 Re8 14. a3 Nbd5 15. Nxd5 Nxd5 16. Ng5 g6 17. Nxh7 Bd7 18. Re5 Bc6 19. Ng5 Bf6 20. Nxf7 Kxf7 21. Bxg6+ Kg7 22. Bh6+ Kxg6 23. Qh5+ Kh7 24. Qf7+ Kh8 1-0